000 00868cab a2200277 4500
001 ABS50778
008 090401t1994 xxu||||| |||| 00| 0 eng d
035 _a(Sirsi) u43688
041 _aeng
100 _aShiner, P.
245 _aMoving out of the inner-city?
260 _c1994
350 _a0
490 _aMunicipal Journal
_v(18) 12 May 1994, 22-26(3)
520 _aArgues that proposed changes to the government`s urban policy towards a Single Regeneration Budget represent a severe reduction in the funding of urban renewal projects. Analyses the proposals.
650 _aASSISTED AREAS
650 _aESTATE ACTION
650 _aFUNDING
650 _aGOVERNMENT POLICY
650 _aINNER CITY REDEVELOPMENT
650 _aSINGLE REGENERATION BUDGET
690 _aURBAN RENEWAL
700 _aNevin, B.
942 _n0
948 _c04/03/1997
999 _c27837
_d27837